<?xml version="1.0" encoding="UTF-8"?><record xmlns="http://www.loc.gov/MARC21/slim" xmlns:zs="http://docs.oasis-open.org/ns/search-ws/sruResponse">
  <leader>04918cgm a2200865 a 4500</leader>
  <controlfield tag="001">12024352</controlfield>
  <controlfield tag="005">20250606182146.6</controlfield>
  <controlfield tag="007">mr bf  dnnaranna|------</controlfield>
  <controlfield tag="007">cr b| ||||||||</controlfield>
  <controlfield tag="007">mr bf  dnnbdanna|------</controlfield>
  <controlfield tag="007">mr bf  fnnbdtnna|------</controlfield>
  <controlfield tag="007">kh bo </controlfield>
  <controlfield tag="008">910821s1906    xxu011            mleng  </controlfield>
  <datafield ind1=" " ind2=" " tag="035">
    <subfield code="a">12024352</subfield>
  </datafield>
  <datafield ind1=" " ind2=" " tag="906">
    <subfield code="a">7</subfield>
    <subfield code="b">cbc</subfield>
    <subfield code="c">orignew</subfield>
    <subfield code="d">u</subfield>
    <subfield code="e">ncip</subfield>
    <subfield code="f">20</subfield>
    <subfield code="g">y-movingim</subfield>
  </datafield>
  <datafield ind1=" " ind2=" " tag="955">
    <subfield code="i">qm10 2010-05-19</subfield>
    <subfield code="i">qm22 2015-01-26</subfield>
    <subfield code="a">qm22 2015-03-20</subfield>
    <subfield code="a">qm08 2021-02-04</subfield>
  </datafield>
  <datafield ind1=" " ind2=" " tag="955">
    <subfield code="a">LCAP batch update 2025-06-01-04:00: LCAPM-1033</subfield>
  </datafield>
  <datafield ind1=" " ind2=" " tag="010">
    <subfield code="a">   00694391 </subfield>
  </datafield>
  <datafield ind1=" " ind2=" " tag="017">
    <subfield code="a">H86424</subfield>
    <subfield code="b">U.S. Copyright Office</subfield>
  </datafield>
  <datafield ind1="1" ind2="0" tag="033">
    <subfield code="a">19061108</subfield>
    <subfield code="a">19061114</subfield>
    <subfield code="a">19061115</subfield>
    <subfield code="b">3804</subfield>
    <subfield code="c">N4</subfield>
  </datafield>
  <datafield ind1=" " ind2=" " tag="035">
    <subfield code="a">nyc96000029</subfield>
  </datafield>
  <datafield ind1=" " ind2=" " tag="035">
    <subfield code="a">lcmp002.05386</subfield>
  </datafield>
  <datafield ind1=" " ind2=" " tag="040">
    <subfield code="a">DLC</subfield>
    <subfield code="c">DLC</subfield>
    <subfield code="d">DLC</subfield>
    <subfield code="e">amim</subfield>
    <subfield code="d">DLC</subfield>
  </datafield>
  <datafield ind1=" " ind2=" " tag="043">
    <subfield code="a">n-us-ny</subfield>
  </datafield>
  <datafield ind1="0" ind2="0" tag="050">
    <subfield code="a">FLA 5702 (viewing print)</subfield>
  </datafield>
  <datafield ind1="0" ind2="0" tag="050">
    <subfield code="a">FRA 2682 (dupe neg pic)</subfield>
  </datafield>
  <datafield ind1="0" ind2="0" tag="050">
    <subfield code="a">FPE 5302 (dupe neg pic)</subfield>
  </datafield>
  <datafield ind1="0" ind2="0" tag="050">
    <subfield code="a">Box 0364A (paper pos)</subfield>
  </datafield>
  <datafield ind1="0" ind2="0" tag="050">
    <subfield code="a">Box 5206A (paper pos, copy 2)</subfield>
  </datafield>
  <datafield ind1="0" ind2="4" tag="245">
    <subfield code="a">The skyscrapers of New York /</subfield>
    <subfield code="c">American Mutoscope and Biograph Company.</subfield>
  </datafield>
  <datafield ind1="1" ind2=" " tag="246">
    <subfield code="i">Copyright title:</subfield>
    <subfield code="a">Skyscrapers</subfield>
  </datafield>
  <datafield ind1=" " ind2=" " tag="257">
    <subfield code="a">United States.</subfield>
  </datafield>
  <datafield ind1=" " ind2=" " tag="260">
    <subfield code="a">United States :</subfield>
    <subfield code="b">American Mutoscope and Biograph Company,</subfield>
    <subfield code="c">1906.</subfield>
  </datafield>
  <datafield ind1=" " ind2=" " tag="300">
    <subfield code="3">viewing print</subfield>
    <subfield code="a">1 film reel of 1 (284 ft.) :</subfield>
    <subfield code="b">si., b&amp;w ;</subfield>
    <subfield code="c">16 mm.</subfield>
  </datafield>
  <datafield ind1=" " ind2=" " tag="300">
    <subfield code="3">dupe neg pic</subfield>
    <subfield code="a">1 film reel of 1 (284 ft.) :</subfield>
    <subfield code="b">si., b&amp;w ;</subfield>
    <subfield code="c">16 mm.</subfield>
  </datafield>
  <datafield ind1=" " ind2=" " tag="300">
    <subfield code="3">dupe neg pic</subfield>
    <subfield code="a">1 film reel of 1 (710 ft.) :</subfield>
    <subfield code="b">si., b&amp;w ;</subfield>
    <subfield code="c">35 mm.</subfield>
  </datafield>
  <datafield ind1=" " ind2=" " tag="300">
    <subfield code="3">paper pos</subfield>
    <subfield code="a">1 roll of 1 (ca. 710 ft.) :</subfield>
    <subfield code="b">b&amp;w ;</subfield>
    <subfield code="c">35 mm.</subfield>
  </datafield>
  <datafield ind1=" " ind2=" " tag="300">
    <subfield code="3">paper pos (copy 2)</subfield>
    <subfield code="a">1 roll of 1 (ca. 710 ft.) :</subfield>
    <subfield code="b">b&amp;w ;</subfield>
    <subfield code="c">35 mm.</subfield>
  </datafield>
  <datafield ind1=" " ind2=" " tag="336">
    <subfield code="a">two-dimensional moving image</subfield>
    <subfield code="b">tdi</subfield>
    <subfield code="2">rdacontent</subfield>
  </datafield>
  <datafield ind1=" " ind2=" " tag="337">
    <subfield code="a">projected</subfield>
    <subfield code="b">g</subfield>
    <subfield code="2">rdamedia</subfield>
  </datafield>
  <datafield ind1=" " ind2=" " tag="338">
    <subfield code="a">film reel</subfield>
    <subfield code="b">mr</subfield>
    <subfield code="2">rdacarrier</subfield>
  </datafield>
  <datafield ind1=" " ind2=" " tag="500">
    <subfield code="a">Copyright: American Mutoscope &amp; Biograph Co.; 11Dec1906; H86424.</subfield>
  </datafield>
  <datafield ind1=" " ind2=" " tag="500">
    <subfield code="a">Duration: 11:25 at 15 fps.</subfield>
  </datafield>
  <datafield ind1=" " ind2=" " tag="500">
    <subfield code="a">Summary from Early motion pictures, p. 301.</subfield>
  </datafield>
  <datafield ind1=" " ind2=" " tag="500">
    <subfield code="a">Filmed during the actual construction of a skyscraper in New York City, and includes several scenes of real work crews: a line of bricklayers [Frame: 1773], a man heating rivets in a forge [2459], riveters assembling steel girders [2859], men astride the steel framework maneuvering and setting a girder in place [3930], and a group of men descending on a crane line [5912]. Some New York City landmarks seen in the film include Union Square (between Broadway and 4th Avenue, 14th-17th Street), and the Everett House, opposite the northeast corner of the square at 17th St. and 4th Avenue [1056].</subfield>
  </datafield>
  <datafield ind1=" " ind2=" " tag="500">
    <subfield code="a">Biograph production no. 3258.</subfield>
  </datafield>
  <datafield ind1=" " ind2=" " tag="500">
    <subfield code="a">Paper print shelf number (LC 2958) was changed when the paper prints were re-housed.</subfield>
    <subfield code="5">DLC</subfield>
  </datafield>
  <datafield ind1=" " ind2=" " tag="500">
    <subfield code="a">Additional holdings for this title may be available. Contact reference librarian.</subfield>
    <subfield code="5">DLC</subfield>
  </datafield>
  <datafield ind1=" " ind2=" " tag="500">
    <subfield code="a">Sources used: Niver, K. Early motion pictures, p. 301; Biograph bulletins 1896-1908, p. 279, 287, 318.</subfield>
  </datafield>
  <datafield ind1=" " ind2=" " tag="508">
    <subfield code="a">Camera, Fred A. Dobson.</subfield>
  </datafield>
  <datafield ind1="1" ind2=" " tag="511">
    <subfield code="a">Jim Slevin, Gene Gauntier.</subfield>
  </datafield>
  <datafield ind1=" " ind2=" " tag="518">
    <subfield code="a">Photographed November 8, 14, and 15, 1906. Location: 12th Street and Broadway, and studio, New York, N.Y.</subfield>
  </datafield>
  <datafield ind1=" " ind2=" " tag="520">
    <subfield code="a">The story involves a construction foreman who fires one of his crew for fighting, which leads the disgruntled employee to steal. He then cause the blame to be put on the foreman, who is finally  exonerated when the thief is exposed. All of this conflict is woven in and around the actual construction of the building as the work is in progress. There is even one scene of a hand-to-hand fight between the foreman and the villain that takes place on the unprotected ledge of the steel framework of the building.</subfield>
  </datafield>
  <datafield ind1=" " ind2=" " tag="530">
    <subfield code="a">Available also through the Library of Congress Web site as digital files.</subfield>
  </datafield>
  <datafield ind1=" " ind2=" " tag="581">
    <subfield code="a">Early motion pictures : the Paper Print Collection in the Library of Congress / by Kemp R. Niver. Library of  Congress. 1985.</subfield>
  </datafield>
  <datafield ind1=" " ind2="0" tag="650">
    <subfield code="a">Skyscrapers</subfield>
    <subfield code="z">New York (State)</subfield>
    <subfield code="z">New York</subfield>
    <subfield code="v">Drama.</subfield>
  </datafield>
  <datafield ind1=" " ind2="0" tag="650">
    <subfield code="a">Construction workers</subfield>
    <subfield code="z">New York (State)</subfield>
    <subfield code="z">New York</subfield>
    <subfield code="v">Drama.</subfield>
  </datafield>
  <datafield ind1=" " ind2="0" tag="650">
    <subfield code="a">Theft</subfield>
    <subfield code="v">Drama.</subfield>
  </datafield>
  <datafield ind1=" " ind2="0" tag="650">
    <subfield code="a">False testimony</subfield>
    <subfield code="v">Drama.</subfield>
  </datafield>
  <datafield ind1=" " ind2="0" tag="650">
    <subfield code="a">Vindication</subfield>
    <subfield code="v">Drama.</subfield>
  </datafield>
  <datafield ind1=" " ind2="7" tag="655">
    <subfield code="a">Melodramas (Motion pictures)</subfield>
    <subfield code="2">lcgft</subfield>
  </datafield>
  <datafield ind1=" " ind2="7" tag="655">
    <subfield code="a">Silent films.</subfield>
    <subfield code="2">lcgft</subfield>
  </datafield>
  <datafield ind1=" " ind2="7" tag="655">
    <subfield code="a">Short films.</subfield>
    <subfield code="2">lcgft</subfield>
  </datafield>
  <datafield ind1=" " ind2="7" tag="655">
    <subfield code="a">Fiction films.</subfield>
    <subfield code="2">lcgft</subfield>
  </datafield>
  <datafield ind1="1" ind2=" " tag="700">
    <subfield code="a">Slevin, Jim,</subfield>
    <subfield code="e">cast.</subfield>
  </datafield>
  <datafield ind1="1" ind2=" " tag="700">
    <subfield code="a">Gauntier, Gene,</subfield>
    <subfield code="d">1885-1966,</subfield>
    <subfield code="e">cast.</subfield>
  </datafield>
  <datafield ind1="1" ind2=" " tag="700">
    <subfield code="a">Dobson, F. A.,</subfield>
    <subfield code="e">camera.</subfield>
  </datafield>
  <datafield ind1="2" ind2=" " tag="710">
    <subfield code="a">American Mutoscope and Biograph Company.</subfield>
  </datafield>
  <datafield ind1="2" ind2=" " tag="710">
    <subfield code="a">Paper Print Collection (Library of Congress)</subfield>
    <subfield code="5">DLC</subfield>
  </datafield>
  <datafield ind1="1" ind2="8" tag="786">
    <subfield code="t">Skyscrapers</subfield>
    <subfield code="w">(DLC) 144800</subfield>
    <subfield code="n">AVCMS</subfield>
  </datafield>
  <datafield ind1=" " ind2=" " tag="852">
    <subfield code="a">Library of Congress</subfield>
    <subfield code="b">Motion Picture, Broadcasting and Recorded Sound Division</subfield>
    <subfield code="e">Washington, D.C. 20540 USA</subfield>
    <subfield code="n">dcu</subfield>
  </datafield>
  <datafield ind1="4" ind2="1" tag="856">
    <subfield code="3">digital viewing copy</subfield>
    <subfield code="d">ntscrm</subfield>
    <subfield code="f">00144800</subfield>
    <subfield code="u">https://hdl.loc.gov/loc.mbrsmi/ntscrm.00144800</subfield>
  </datafield>
  <datafield ind1=" " ind2=" " tag="985">
    <subfield code="a">mi/newyork</subfield>
    <subfield code="e">ammem</subfield>
  </datafield>
  <datafield ind1=" " ind2=" " tag="985">
    <subfield code="a">nsr</subfield>
  </datafield>
  <datafield ind1=" " ind2=" " tag="991">
    <subfield code="b">c-MP&amp;TV</subfield>
    <subfield code="h">FPE 5302 (dupe neg)</subfield>
    <subfield code="o">gd</subfield>
  </datafield>
</record>
